| 000 | 01008nam a2200277 c 4500 | ||
|---|---|---|---|
| 001 | 190439 | ||
| 003 | ES-MaACL | ||
| 005 | 20240111111125.0 | ||
| 008 | 210330s2018 sp 001 0 spa | ||
| 020 | _a978-84-948086-4-7 | ||
| 080 | _a336.761 | ||
| 080 | _a658:336.63 | ||
| 100 | 1 |
_aHudson, Michael. _964520 |
|
| 245 | 1 | 0 |
_aMatar al huésped : _bcómo la deuda y los parásitos financieros destruyen la economía global / _cMichael Hudson ; [traducción, Álvaro G. Ormaechea]. |
| 260 |
_aMadrid : _bCapitán Swing, _c[2018] |
||
| 300 |
_a653 p. : _bgráf. ; _c22 cm. |
||
| 504 | _aReferencias bibliográficas. | ||
| 650 |
_aBolsas de valores. _910603 |
||
| 650 | 7 |
_aCapitalistas y financieros. _9171140 |
|
| 700 | 1 |
_aOrmaechea, Álvaro G. _9171141 |
|
| 852 | 4 |
_aES-MaACL _jA-14640 _9 197616 _bR.152398 _cDEPO1 _dOlim: N-7640 _hDonación: José Lázaro |
|
| 903 |
_9234219 _aLázaro García, José _ednr |
||
| 942 |
_2udc _cMONOGRAFIA |
||
| 999 |
_c190439 _d190439 |
||